La educación infantil en Reggio Emilia

Enregistré dans:
Détails bibliographiques
Auteur principal: Malaguzzi, Loris (autor)
Format: Livre
Langue:espagnol
Publié: Barcelona Editorial Octaedro 2011
Édition:3a. ed
Collection:Temas de Infancia. Educar de 0 a 6 años, 3
Sujets:
Tags: Ajouter un tag
Pas de tags, Soyez le premier à ajouter un tag!

MARC

LEADER 00000cam a2200000 a 4500
001 UCD7033
003 CL-VaPUC
008 170303e20110100sp |||||||||||||||||spa|d
020 |a 9788480634984 
082 0 4 |a 372.218  |b MAL  |2 21 
100 |a Malaguzzi, Loris  |e autor  |9 590979 
245 1 3 |a La educación infantil en Reggio Emilia 
250 |a 3a. ed 
300 |a 119 p 
942 |c BK 
945 |d 20170303 17:35:00  |a arojas 
260 |a Barcelona  |b Editorial Octaedro  |c 2011 
650 7 |a EDUCACION INFANTIL  |2 CL-VaPUC  |9 590980 
650 0 |a Métodos de enseñanza  |9 270413 
650 0 |a Juegos   |9 243060 
583 |a last modification  |c 20170303 17:35:00  |k Rodrigo Vera 
490 0 |a Temas de Infancia. Educar de 0 a 6 años, 3 
999 |c 367200  |d 367198 
952 |0 0  |1 0  |3 erb  |4 0  |6 372_218000000000000_MAL_2011  |7 0  |8 A  |9 481898  |a BIBEDU  |b BIBEDU  |i 5362318  |l 6  |m 1  |o 372.218 MAL 2011  |p 5362318  |r 2025-04-24  |s 2025-04-24  |w 2019-11-24  |y BK  |z Catalogado en:20170303  |k PAR